MARC

LEADER 00000nam0a2200000 4500
001 88452
005 20231031102637.0
035 |a (RuTPU)RU\TPU\book\94936 
090 |a 88452 
100 |a 20051226d1971 m y0rusy50 ca 
101 0 |a rus 
102 |a RU 
105 |a a z 001zy 
200 1 |a Проектирование бурильных колонн  |f А. Е. Сароян 
210 |a Москва  |c Недра  |d 1971 
215 |a 184 с.  |c ил. 
320 |a Библиогр.: с. 178-180 
610 1 |a бурильные колонны 
610 1 |a проектирование 
610 1 |a устойчивость 
610 1 |a теория 
610 1 |a нагрузки 
610 1 |a напряжения 
610 1 |a резьбовые соединения 
610 1 |a расчеты 
675 |a 622.24.05  |v 3 
700 1 |a Сароян  |b А. Е.  |g Александр Ервандович 
801 1 |a RU  |b 63413507  |c 20051226  |g PSBO 
801 2 |a RU  |b 63413507  |c 20210215  |g PSBO 
942 |c BK